00675 2200241 4500001002100000005001500021035002000036245009000056100002200146260003300168082001100201084001700212020002200229008004100251650001800292650000800310650003900318650002800357650000800385650001000393990001500403990001500418INLIS00000000000017620251202103103 a0010-11250001761 aPemrograman Web Database dengan PHP & MySQL Tingkat Mahir +DVD /cHeni A. Puspitosari1 aPuspitosari, Heni aYogyakarta :bSkripta,c2011 a006.76 a006.76 PUS p a978-602-9025-11-8251202 g 0 ind  aIlmu Komputer aTIK aTeknologi Informasi dan Komunikasi aPemograman Web Database aPHP aMySQL a0142/TP/15 a0142/TP/15